| 000 | 00795 a2200205 4500 | ||
|---|---|---|---|
| 020 | _a0415310083 | ||
| 020 | _a9780415310086 | ||
| 082 | 0 | 4 | _a515.35 |
| 090 |
_c246 _d246 |
||
| 100 | 1 | _aGrebenikov, Eugeniu. | |
| 245 | 1 | 0 |
_aAsymptotic methods in resonance analytical dynamics / _cEugeniu Grebenikov, Yu. A. Mitropolsky, Y.A. Ryabov. |
| 260 |
_a[S.l.] : _bCRC Press, _c2004. |
||
| 300 |
_a280 p. ; _c27 cm. |
||
| 490 | 1 |
_aStability and control: theory, methods and applications; ; _vVolume 21. |
|
| 700 | 1 | _aMitropolsky, Yu. A. | |
| 700 | 1 | _aRyabov, Y.A. | |
| 830 | 0 | _aStability and control: theory, methods and applications; ; | |
| 942 |
_aSNS _cBK _k515.35 GRE |
||
| 999 |
_c28881 _d28881 |
||